Conflicto y Paz: el proceso negociador centroamericano

Enregistré dans:
Détails bibliographiques
Auteur principal: Tinoco, Victor Hugo
Format: Texte
Publié: México, D.F.: Meztiza
Tags: Ajouter un tag
Pas de tags, Soyez le premier à ajouter un tag!

MARC

LEADER 00000 a a2200000 04500
001 25404
003
040 |a CRAI/IIS  |c CRAI/IIS 
020 |a 968 6390-06-5  
090 |a 181700  
100 |a Tinoco, Victor Hugo  
245 |a Conflicto y Paz: el proceso negociador centroamericano  
260 |a México, D.F.:   |b Meztiza  
300 |a 182 p  
999 |c 16925  |d 16925